00637nam a22002057a 450000500170000001000130001702000210003003500130005103700160006404000120008008200180009210000220011024500780013226000420021027000620025230000250031449000470033965000150038665000300040120170124110143.0 aA-991965 c00.00a817075058 aA-991965 bCen Lib/Ret aDPLbEN a658.4038bGAU aGautam, Vinayshil aInformation systems, organisations and comparative /cby Vinayshil Gautam aNew DelhibHindustan Publishingc2000 a4805/24, Bharat Ram Road, Darya Ganj bNew Delhie110002 axxi,147p. c22cm(Hb) aResearches in management in Asia seriesv6 aManagement aManagement--Organisations